| 000 | 00974nam a2200229Ia 4500 | ||
|---|---|---|---|
| 003 | GCL | ||
| 008 | 140319s9999 xx 000 0 ara d | ||
| 020 | _a9070358977 | ||
| 040 |
_aGCL / _cGCL |
||
| 082 | 0 | 4 |
_a547.7 _bم ك |
| 100 | 1 | _aمحمد مجدى عبدالله واصل | |
| 245 | 1 | 0 |
_aكيمياء البوليمرات : _bالاساس فى صناعة المطاط - البلاستيك - الالياف الصناعية - الورنيشات - الصموغ - المواد العازلة والصناعات الورقية / _cمحمد مجدى عبدالله واصل |
| 250 | _aالاولى | ||
| 260 |
_aالقاهرة : _bدار الفجر للنشر والتوزيع ، _c2005 |
||
| 300 |
_a313 ص ؛ _c28 سم |
||
| 650 | 0 | 4 | _aالكيمياء العضوية |
| 650 | 0 | 4 | _aالتفاعلات الكيميائية |
| 650 | 0 | 4 | _aالالياف الصناعية |
| 650 | 0 | 4 | _aالبلمرات |
| 650 | 0 | 4 | _aالبلمرات العضوية |
| 942 |
_2ddc _cBK |
||
| 999 |
_c8294 _d8294 |
||